[Event "VIII Festival B"]
[Site "Amantea ITA"]
[Date "2010.08.30"]
[Round "2"]
[White "Fariselli, Umberto"]
[Black "Rametta, Marcello"]
[Result "0-1"]
[WhiteElo "1458"]
[BlackElo "1778"]
[PlyCount "77"]
[EventDate "2010.08.29"]

1. d4 d5 2. g3 Nf6 3. Bg2 g6 4. c3 Bg7 5. Bf4 c6 6. Nd2 O-O 7. Ngf3 Nbd7 8. O-O
Ng4 9. h3 Ngf6 10. Re1 Nh5 11. Be3 e5 12. dxe5 Nxe5 13. Bd4 f6 14. e3 Nd3 15.
Re2 Bh6 16. Qc2 Bf5 17. Qb3 c5 18. g4 cxd4 19. gxh5 dxe3 20. fxe3 Re8 21. Nd4
Bxe3+ 22. Kh1 Nf2+ 23. Kh2 Qd6+ 24. Kg1 Nxh3+ 25. Kf1 Nf4 26. Nxf5 gxf5 27. Bf3
Nxe2 28. Bxd5+ Kh8 29. Kxe2 Bg5+ 30. Kd3 Qf4 31. Rd1 Re3+ 32. Kc2 Re2 33. Qxb7
Rxd2+ 34. Rxd2 Qxd2+ 35. Kb3 Rd8 36. Qb4 Qxd5+ 37. c4 Qd3+ 38. Ka4 Qc2+ 39. Ka5
0-1

[Event "VIII Festival B"]
[Site "Amantea ITA"]
[Date "2010.08.30"]
[Round "2"]
[White "Gregori, Giacomo"]
[Black "Zampaglione, Francesco"]
[Result "1-0"]
[WhiteElo "1802"]
[BlackElo "1467"]
[PlyCount "65"]
[EventDate "2010.08.29"]

1. d4 d6 2. c4 Nd7 3. Nc3 e6 4. Nf3 c6 5. e4 Ngf6 6. Be2 Be7 7. O-O O-O 8. h3
Qc7 9. Be3 Re8 10. Qc2 Bf8 11. Rab1 a5 12. a3 g6 13. b4 axb4 14. axb4 Bg7 15.
d5 cxd5 16. Nb5 Qb8 17. cxd5 Re7 18. Ra1 b6 19. Rxa8 Qxa8 20. Nxd6 Ba6 21. b5
Bb7 22. Qc7 Bxd5 23. exd5 Nxd5 24. Qc6 Qxc6 25. bxc6 Nc5 26. Bxc5 bxc5 27. Bc4
Nc7 28. Rd1 Kf8 29. Nxf7 e5 30. N3g5 Kg8 31. Nxe5+ Kh8 32. Rd8+ Ne8 33. Nef7+
1-0

[Event "VIII Festival B"]
[Site "Amantea ITA"]
[Date "2010.08.30"]
[Round "2"]
[White "Grudina, Marco"]
[Black "Denozza, Mauro"]
[Result "1/2-1/2"]
[WhiteElo "1866"]
[BlackElo "1666"]
[PlyCount "61"]
[EventDate "2010.08.29"]

1. e4 d6 2. d4 Nf6 3. Nc3 c6 4. f4 Qa5 5. Bd3 e5 6. Nf3 Bg4 7. dxe5 dxe5 8.
fxe5 Bxf3 9. Qxf3 Qxe5 10. Bf4 Qa5 11. Bd2 Nbd7 12. Nd5 Qd8 13. Nxf6+ Qxf6 14.
Qxf6 Nxf6 15. Bg5 Be7 16. O-O-O Ng4 17. Bxe7 Kxe7 18. Rdf1 Ne5 19. Be2 Rad8 20.
Rd1 Rxd1+ 21. Rxd1 Rd8 22. Rxd8 Kxd8 23. Kd2 Ke7 24. Ke3 Kd6 25. b3 b5 26. h3
Kc5 27. a3 a5 28. Bd3 h5 29. Be2 h4 30. Bd3 g5 31. Be2 1/2-1/2

[Event "VIII Festival B"]
[Site "Amantea ITA"]
[Date "2010.08.30"]
[Round "2"]
[White "Ielapi, Vito"]
[Black "Barca, Lorenzo"]
[Result "1-0"]
[WhiteElo "1829"]
[BlackElo "1524"]
[PlyCount "91"]
[EventDate "2010.08.29"]

1. d4 d5 2. Nf3 Nf6 3. e3 Bg4 4. Bd3 Nbd7 5. Nbd2 c5 6. c3 e5 7. e4 cxd4 8. O-O
dxc3 9. bxc3 dxe4 10. Nxe4 Be7 11. Nxf6+ Bxf6 12. h3 Be6 13. Ba3 Be7 14. Bxe7
Qxe7 15. Qe2 O-O 16. Nxe5 Bxh3 17. Qh5 Nf6 18. Qxh3 Qxe5 19. Rfe1 Qc5 20. Re3
Rfe8 21. Rf3 Qh5 22. Qg3 Re6 23. Qc7 Qd5 24. Rd1 Qc6 25. Qf4 Rae8 26. g4 h6 27.
Kg2 a6 28. Bf5 Re5 29. Bd7 Nxd7 30. Qxf7+ Kh7 31. Rxd7 Qg6 32. Qxg6+ Kxg6 33.
Rff7 Rg8 34. Rxb7 Ra5 35. Rfc7 Rxa2 36. Ra7 a5 37. Kg3 a4 38. f4 a3 39. f5+ Kf6
40. Ra5 h5 41. Rc6+ Ke7 42. Ra7+ Kd8 43. gxh5 Rf8 44. Rc5 Ra1 45. Rb5 a2 46.
Rb8# 1-0

[Event "VIII Festival B"]
[Site "Amantea ITA"]
[Date "2010.08.30"]
[Round "2"]
[White "Lo Cascio, Marco"]
[Black "Sansosti, Simona"]
[Result "1-0"]
[WhiteElo "1593"]
[BlackElo "1410"]
[PlyCount "119"]
[EventDate "2010.08.29"]

1. e4 d5 2. exd5 Nf6 3. Nf3 c6 4. dxc6 Nxc6 5. Nc3 e5 6. Bb5 e4 7. Ne5 Qc7 8.
Nxc6 bxc6 9. Be2 Bd6 10. h3 Bb7 11. O-O Rd8 12. d3 exd3 13. Bxd3 O-O 14. Bg5
Be5 15. Bxf6 Bxf6 16. Qh5 h6 17. Qf5 Rxd3 18. Qxd3 Rd8 19. Qf5 c5 20. Rad1 Rb8
21. Nd5 Bxd5 22. Rxd5 Rxb2 23. Rxc5 Qd6 24. Rc8+ Bd8 25. Re1 g6 26. Re8+ Kg7
27. Qe5+ Qxe5 28. Rxe5 Bf6 29. Ra5 Rb1+ 30. Kh2 Bd4 31. c4 Bxf2 32. c5 h5 33.
g4 h4 34. Kg2 Rb2 35. Kf3 Rc2 36. Rc7 Bg1 37. Raxa7 Rf2+ 38. Ke4 Re2+ 39. Kd5
Rd2+ 40. Kc6 Rf2 41. a4 g5 42. a5 Rf6+ 43. Kb7 Bd4 44. Ra6 Rf3 45. Rb6 Rxh3 46.
a6 Ra3 47. a7 Be5 48. Rd7 h3 49. a8=Q Rxa8 50. Kxa8 h2 51. Rb1 Kf6 52. c6 Ke6
53. Rdb7 f5 54. gxf5+ Kxf5 55. c7 Bxc7 56. Rxc7 g4 57. Rh1 g3 58. Rxh2 gxh2 59.
Rh7 Kg4 60. Rxh2 1-0

[Event "VIII Festival B"]
[Site "Amantea ITA"]
[Date "2010.08.30"]
[Round "2"]
[White "Martino, Giovanni"]
[Black "Dall'Aglio, Stefano"]
[Result "1-0"]
[WhiteElo "1536"]
[BlackElo "1380"]
[PlyCount "69"]
[EventDate "2010.08.29"]

1. e4 e5 2. Nf3 Nc6 3. Bb5 a6 4. Ba4 Nf6 5. O-O d5 6. Nxe5 dxe4 7. Nxc6 bxc6 8.
Bxc6+ Bd7 9. Bxa8 Qxa8 10. d4 Bb4 11. Bd2 Bxd2 12. Nxd2 Bc6 13. Re1 O-O 14. f3
Re8 15. fxe4 Nxe4 16. Nf3 f6 17. c4 Nd6 18. d5 Rxe1+ 19. Qxe1 Bd7 20. Qe7 Qc8
21. b3 Nf5 22. Qe4 Be8 23. Re1 Bf7 24. Nd4 Nxd4 25. Qxd4 c6 26. Qc5 g5 27. dxc6
Kg7 28. Re7 Qf8 29. c7 Qc8 30. Qd6 Kg6 31. Qd8 Qxd8 32. cxd8=Q a5 33. Qd7 Kh5
34. Rxf7 Kh4 35. Qh3# 1-0

[Event "VIII Festival B"]
[Site "Amantea ITA"]
[Date "2010.08.30"]
[Round "2"]
[White "Mazzuca, Aldo"]
[Black "Stoja, Rocco"]
[Result "0-1"]
[WhiteElo "1404"]
[BlackElo "1820"]
[PlyCount "64"]
[EventDate "2010.08.29"]

1. e4 d6 2. Nc3 e5 3. Bc4 Nf6 4. d3 h6 5. a3 Bg4 6. Nf3 Nc6 7. Be3 Be7 8. h3
Bh5 9. g4 Bg6 10. Nh4 Bh7 11. Nf5 Bf8 12. Qd2 Ne7 13. Nxe7 Bxe7 14. O-O-O c6
15. f4 exf4 16. Bxf4 Qa5 17. Nb1 Qxd2+ 18. Rxd2 d5 19. exd5 Nxd5 20. Be5 Bg5
21. Bxg7 Rg8 22. Bd4 Bxd2+ 23. Nxd2 Bg6 24. Re1+ Kd8 25. Ne4 Re8 26. Kd2 Kc7
27. Ba2 Rad8 28. c3 b6 29. b4 Re6 30. Bg7 Bxe4 31. Rxe4 Rxe4 32. dxe4 Nxb4+ 0-1

[Event "VIII Festival B"]
[Site "Amantea ITA"]
[Date "2010.08.30"]
[Round "2"]
[White "Mercuri, Delia"]
[Black "Carbone, Stefano"]
[Result "0-1"]
[WhiteElo "1499"]
[BlackElo "1885"]
[PlyCount "84"]
[EventDate "2010.08.29"]

1. e4 g6 2. d4 Bg7 3. Nf3 d6 4. h3 Nd7 5. Be3 a6 6. Bd3 c5 7. O-O Qc7 8. Qe2
Ngf6 9. Nbd2 O-O 10. Rac1 b5 11. c4 b4 12. Nb3 Bb7 13. d5 Rfe8 14. Qd2 e6 15.
Bh6 exd5 16. exd5 Ne5 17. Nxe5 Rxe5 18. Bxg7 Kxg7 19. f4 Ree8 20. Rce1 Rxe1 21.
Rxe1 Re8 22. f5 Rxe1+ 23. Qxe1 Bxd5 24. cxd5 c4 25. Qc1 Qb6+ 26. Kh2 cxd3 27.
Qc6 Qe3 28. Qxd6 d2 29. Nxd2 Qxd2 30. Qe5 Qxd5 31. Qe7 a5 32. Qa7 Qxf5 33. Qd4
Qd5 34. Qf2 Qxa2 35. g4 Qd5 36. Qe3 h6 37. b3 Qc6 38. Qe5 Qc2+ 39. Kg1 Qxb3 40.
h4 Qd1+ 41. Kf2 Qxg4 42. Qxa5 Qf5+ 0-1

[Event "VIII Festival B"]
[Site "Amantea ITA"]
[Date "2010.08.30"]
[Round "2"]
[White "Michienzi, Marco"]
[Black "Mileo, Miguelito"]
[Result "0-1"]
[WhiteElo "1434"]
[BlackElo "1647"]
[PlyCount "70"]
[EventDate "2010.08.29"]

1. d4 e5 2. e3 e4 3. Nc3 Nf6 4. Bd2 d5 5. h3 Nbd7 6. a3 c6 7. b4 b5 8. g4 Be7
9. g5 Ng8 10. f4 exf3 11. Nxf3 Bxg5 12. Nxg5 Qxg5 13. Qg4 Qxg4 14. hxg4 Nb6 15.
Be2 Nc4 16. g5 Bf5 17. Bxc4 bxc4 18. O-O-O h5 19. Be1 Kd7 20. Bg3 Ne7 21. Rde1
Ng6 22. Ref1 Be6 23. e4 h4 24. Bf4 Nxf4 25. Rxf4 h3 26. Rh2 g6 27. e5 Rh5 28.
b5 Rxg5 29. Rff2 Rg3 30. Kb2 cxb5 31. Nxb5 Rb8 32. a4 a6 33. c3 axb5 34. axb5
Rxb5+ 35. Kc2 Bf5+ 0-1

[Event "VIII Festival B"]
[Site "Amantea ITA"]
[Date "2010.08.30"]
[Round "2"]
[White "Palermiti, Francesco"]
[Black "Bevilacqua, Michele"]
[Result "1-0"]
[WhiteElo "1470"]
[BlackElo "1820"]
[PlyCount "83"]
[EventDate "2010.08.29"]

1. d4 f5 2. Nf3 Nf6 3. e3 g6 4. c4 Bg7 5. Nc3 O-O 6. Bd3 d6 7. O-O Qe8 8. Qb3
Nc6 9. c5+ e6 10. cxd6 cxd6 11. Re1 Qf7 12. Ng5 Qe7 13. Nf3 Qf7 14. a3 a6 15.
Qd1 Kh8 16. Bc4 b5 17. Ba2 d5 18. b4 Ne4 19. Bb2 h6 20. Rf1 g5 21. Nxe4 fxe4
22. Ne5 Nxe5 23. dxe5 Qf5 24. f4 Ra7 25. Rc1 Raf7 26. Qh5 gxf4 27. Qxf5 Rxf5
28. exf4 Rxf4 29. Rxf4 Rxf4 30. Rxc8+ Kh7 31. Bd4 Rf5 32. Rc7 Kg6 33. Rc6 Bxe5
34. Rxe6+ Bf6 35. Bxf6 Kf7 36. Rd6 e3 37. Bh4 e2 38. Bf2 Re5 39. Be1 Rf5 40.
Bxd5+ Kf8 41. Bf3 Ke7 42. Rxh6 1-0

[Event "VIII Festival B"]
[Site "Amantea ITA"]
[Date "2010.08.30"]
[Round "2"]
[White "Scerra, Ezio"]
[Black "De Marinis, Marcello"]
[Result "0-1"]
[WhiteElo "1419"]
[BlackElo "1774"]
[PlyCount "72"]
[EventDate "2010.08.29"]

1. c4 e5 2. Nc3 d6 3. g3 f5 4. Bg2 Nf6 5. d3 Be7 6. Nf3 O-O 7. O-O c6 8. b3 Na6
9. Rb1 Nc7 10. Bg5 Qe8 11. e4 h6 12. Be3 Ng4 13. exf5 Bxf5 14. Rb2 Qh5 15. Re1
Ne6 16. h3 Nxe3 17. fxe3 Bxh3 18. Nh2 Qxd1 19. Nxd1 Ng5 20. Nf2 Bd7 21. d4 Bf6
22. Nhg4 Rae8 23. dxe5 Rxe5 24. Nxf6+ Rxf6 25. e4 Re7 26. Re3 Nf7 27. Rbe2 Ne5
28. Nd3 Bg4 29. Re1 Kf8 30. Nxe5 Rxe5 31. Rf1 Ke7 32. Rf4 h5 33. Bf3 Rg5 34.
Bxg4 Rxf4 35. Bxh5 Rf8 36. Kg2 Rxh5 0-1

[Event "VIII Festival B"]
[Site "Amantea ITA"]
[Date "2010.08.30"]
[Round "2"]
[White "Serratore, Vincenzo"]
[Black "Vesce, Emanuele"]
[Result "1/2-1/2"]
[WhiteElo "1881"]
[BlackElo "1735"]
[PlyCount "56"]
[EventDate "2010.08.29"]

1. d4 Nf6 2. Nd2 c5 3. e3 Nc6 4. c3 d6 5. Bd3 g6 6. Ngf3 Bg7 7. Qe2 O-O 8. O-O
a6 9. a4 Re8 10. e4 cxd4 11. cxd4 Bg4 12. d5 Nd4 13. Qe3 Bxf3 14. Nxf3 Nb3 15.
Ra3 Ng4 16. Qe2 Nxc1 17. Rxc1 Qb6 18. Rb1 Bh6 19. Bc2 Rac8 20. Rb3 Qxf2+ 21.
Qxf2 Nxf2 22. Kxf2 Rxc2+ 23. Kg3 Rc7 24. Re1 Bg7 25. Re2 Rb8 26. h3 Rc4 27. Ra3
Rbc8 28. Ne1 Be5+ 1/2-1/2

[Event "VIII Festival B"]
[Site "Amantea ITA"]
[Date "2010.08.30"]
[Round "2"]
[White "Tricomi, Massimo"]
[Black "Pelyushenko, Vladyslav"]
[Result "1/2-1/2"]
[WhiteElo "1890"]
[BlackElo "1771"]
[PlyCount "63"]
[EventDate "2010.08.29"]

1. e4 d6 2. d4 Nf6 3. Nc3 g6 4. Nf3 Bg7 5. h3 c6 6. a4 Qa5 7. Bd2 Qc7 8. Be2
O-O 9. Qc1 Nbd7 10. Bh6 e5 11. dxe5 dxe5 12. Bxg7 Kxg7 13. Qe3 Re8 14. Nd2 Nf8
15. Bc4 Ne6 16. Bxe6 Bxe6 17. O-O a6 18. a5 Rad8 19. Nf3 Bc4 20. Rfd1 Rxd1+ 21.
Nxd1 Qd6 22. b3 Be6 23. Nb2 Nh5 24. Qc3 Nf4 25. Kf1 f6 26. Rd1 Qc7 27. Nd3 Qd7
28. Rd2 Nxd3 29. Qxd3 Qc7 30. Qc3 Re7 31. Ke2 Bf7 32. Rd3 1/2-1/2

[Event "VIII Festival B"]
[Site "Amantea ITA"]
[Date "2010.08.30"]
[Round "2"]
[White "Vespe Roccomaria, Antonio"]
[Black "Grasso, Francesco"]
[Result "0-1"]
[WhiteElo "1329"]
[BlackElo "1488"]
[PlyCount "50"]
[EventDate "2010.08.29"]

1. d4 Nf6 2. c4 g6 3. Nc3 d5 4. Nf3 Bg7 5. e3 O-O 6. Bd3 b6 7. b4 dxc4 8. Bxc4
Bb7 9. Bd3 Nd5 10. Nxd5 Bxd5 11. e4 Bb7 12. O-O Nc6 13. Be3 Nxb4 14. Qb3 Nxd3
15. Qxd3 e6 16. Rac1 Rc8 17. Ng5 c5 18. Rfd1 cxd4 19. Bxd4 Rxc1 20. Rxc1 Bxd4
21. Rd1 Bxf2+ 22. Kxf2 Qxg5 23. Qd7 Qf4+ 24. Kg1 Qxe4 25. h3 Qxg2# 0-1

[Event "VIII Festival B"]
[Site "Amantea ITA"]
[Date "2010.08.30"]
[Round "2"]
[White "Violi, Vincenzo"]
[Black "De Rasis, Giovanni"]
[Result "1/2-1/2"]
[WhiteElo "1725"]
[BlackElo "1866"]
[PlyCount "35"]
[EventDate "2010.08.29"]

1. e4 Nf6 2. e5 Nd5 3. d4 d6 4. exd6 exd6 5. c4 Nf6 6. Nf3 Be7 7. Bd3 O-O 8.
O-O Nbd7 9. Nbd2 Re8 10. b3 Nf8 11. Bb2 Ng6 12. Re1 Nf4 13. Bf1 Bf5 14. Nb1 Qd7
15. Qd2 N6h5 16. Nc3 Bg4 17. Re3 Bf6 18. Rae1 1/2-1/2

[Event "VIII Festival B"]
[Site "Amantea ITA"]
[Date "2010.08.30"]
[Round "2"]
[White "Zampaglione, Davide"]
[Black "Salvaggio, Salvatore"]
[Result "0-1"]
[WhiteElo "1662"]
[BlackElo "1823"]
[PlyCount "72"]
[EventDate "2010.08.29"]

1. d4 Nf6 2. Nd2 g6 3. e4 d6 4. Ngf3 Bg7 5. c3 O-O 6. Bd3 e5 7. Qc2 Nc6 8. O-O
h6 9. Re1 Kh8 10. dxe5 dxe5 11. Bb5 Qe7 12. Bxc6 bxc6 13. b3 Nh5 14. Bb2 Be6
15. c4 f6 16. Nh4 Qf7 17. Ba3 Rg8 18. g3 Rae8 19. Bc5 a6 20. Be3 f5 21. exf5
Bxf5 22. Nxf5 gxf5 23. Rad1 e4 24. Nf1 Kh7 25. Bd4 Bf8 26. Re2 c5 27. Bb2 Bd6
28. Rde1 Nf4 29. Ne3 Nd3 30. Rd2 Qg6 31. f3 Nxb2 32. Qxb2 Be5 33. Rd7+ Rg7 34.
Rxg7+ Qxg7 35. Qe2 Bd4 36. fxe4 f4 0-1

[Event "VIII Festival B"]
[Site "Amantea ITA"]
[Date "2010.08.31"]
[Round "3"]
[White "Barca, Lorenzo"]
[Black "Scovazzi, Tullio"]
[Result "1-0"]
[WhiteElo "1524"]
[BlackElo "1753"]
[PlyCount "109"]
[EventDate "2010.08.29"]

1. e4 e5 2. Nf3 Nc6 3. Bb5 a6 4. Ba4 Nf6 5. O-O b5 6. Bb3 Be7 7. Re1 d5 8. exd5
Nxd5 9. Nxe5 Nxe5 10. Rxe5 c6 11. Bxd5 cxd5 12. Qf3 Be6 13. c3 O-O 14. d4 Bf6
15. Re1 Qb6 16. Nd2 b4 17. Nb3 bxc3 18. bxc3 Be7 19. Bd2 a5 20. Rab1 Qc7 21.
Nc1 Rab8 22. Nd3 Rb6 23. Rb3 Bd6 24. Bf4 Rfb8 25. Reb1 a4 26. Rxb6 Rxb6 27. Qd1
Bf5 28. Rxb6 Qxb6 29. Bxd6 Qxd6 30. Nc5 a3 31. Qa4 Qb8 32. Qb4 Qxb4 33. cxb4
Kf8 34. Na4 Ke7 35. Kf1 Kd6 36. Ke2 Kc6 37. Nc3 g5 38. Ke3 h5 39. g3 Bh3 40. f4
gxf4+ 41. Kxf4 Bf1 42. Kg5 Bc4 43. Kxh5 Bxa2 44. Nxa2 Kb5 45. Kg5 Kc4 46. h4
Kb3 47. h5 Kxa2 48. h6 Kb3 49. h7 a2 50. h8=Q a1=Q 51. Qe5 Qc1+ 52. Kf6 Kxb4
53. Kxf7 Qf1+ 54. Ke6 Qb5 55. Qe1+ 1-0

[Event "VIII Festival B"]
[Site "Amantea ITA"]
[Date "2010.08.31"]
[Round "3"]
[White "Carbone, Stefano"]
[Black "Violi, Vincenzo"]
[Result "1/2-1/2"]
[WhiteElo "1885"]
[BlackElo "1725"]
[PlyCount "51"]
[EventDate "2010.08.29"]

1. g3 Nf6 2. Bg2 e6 3. d3 c5 4. c4 d6 5. Nc3 Be7 6. Nf3 Nbd7 7. O-O O-O 8. b3
a6 9. Bb2 Rb8 10. a4 b6 11. e3 Bb7 12. Qc2 Qc7 13. Rfd1 Rbc8 14. Qe2 Rfe8 15.
d4 cxd4 16. Rxd4 Nc5 17. Qc2 d5 18. cxd5 Nxd5 19. Rc4 Nxc3 20. Bxc3 Bd5 21. Rg4
f6 22. Rb1 Nxb3 23. Rxb3 Bxb3 24. Qxb3 Qxc3 25. Qxe6+ Kf8 26. h4 1/2-1/2

[Event "VIII Festival B"]
[Site "Amantea ITA"]
[Date "2010.08.31"]
[Round "3"]
[White "Dall'Aglio, Stefano"]
[Black "Michienzi, Marco"]
[Result "1-0"]
[WhiteElo "1380"]
[BlackElo "1434"]
[PlyCount "65"]
[EventDate "2010.08.29"]

1. e4 g6 2. d4 Bg7 3. Nf3 Nc6 4. Be3 e6 5. Nc3 a6 6. Bc4 Nce7 7. d5 d6 8. O-O
e5 9. Ng5 Nh6 10. h3 b5 11. Bd3 c5 12. f4 O-O 13. fxe5 c4 14. Be2 f5 15. b3
Bxe5 16. Bd4 Nxd5 17. Nxd5 Qxg5 18. Bxe5 dxe5 19. Qc1 f4 20. bxc4 Bxh3 21. Rf2
f3 22. Qxg5 fxe2 23. Rxe2 Bg4 24. Nf6+ Rxf6 25. Qxf6 Bxe2 26. Qxe5 Rf8 27. Qd6
bxc4 28. Qd2 Bg4 29. Qxh6 Re8 30. Re1 Bf5 31. Qf4 Rxe4 32. Rxe4 Bxe4 33. Qxe4
1-0

[Event "VIII Festival B"]
[Site "Amantea ITA"]
[Date "2010.08.31"]
[Round "3"]
[White "De Luca, Alessio"]
[Black "Carbone, Edoardo"]
[Result "0-1"]
[WhiteElo "1416"]
[BlackElo "1614"]
[PlyCount "50"]
[EventDate "2010.08.29"]

1. d4 Nf6 2. c4 e6 3. Nf3 b6 4. g3 Bb7 5. Bg2 Be7 6. Nc3 O-O 7. O-O d5 8. cxd5
Nxd5 9. e3 Nxc3 10. bxc3 Nd7 11. a4 a6 12. Re1 c5 13. Ba3 cxd4 14. Bxe7 Qxe7
15. cxd4 Rac8 16. Nh4 Bxg2 17. Kxg2 Nf6 18. Qb3 Rc6 19. e4 Qb7 20. d5 exd5 21.
exd5 Rd6 22. Nf5 Rdd8 23. Ne7+ Kh8 24. Nc6 Nxd5 25. Nxd8 Nf4+ 0-1

[Event "VIII Festival B"]
[Site "Amantea ITA"]
[Date "2010.08.31"]
[Round "3"]
[White "De Marinis, Marcello"]
[Black "Tricomi, Massimo"]
[Result "0-1"]
[WhiteElo "1774"]
[BlackElo "1890"]
[PlyCount "134"]
[EventDate "2010.08.29"]

1. d4 Nf6 2. c4 e6 3. Nf3 Bb4+ 4. Bd2 Qe7 5. Qb3 Bxd2+ 6. Nbxd2 d6 7. e3 O-O 8.
Be2 e5 9. dxe5 dxe5 10. e4 c6 11. Qc3 Bg4 12. O-O Nbd7 13. b4 Bxf3 14. Bxf3 c5
15. a3 Rfd8 16. Rfe1 Nf8 17. Nf1 b6 18. Ne3 Rac8 19. Nd5 Nxd5 20. exd5 f6 21.
b5 Qd6 22. Bg4 Rc7 23. Re3 Re7 24. Rae1 Rde8 25. Qc2 g6 26. Rg3 Kh8 27. Qc3 f5
28. Bd1 Nd7 29. h4 Nf6 30. Rh3 Ne4 31. Qb2 Qf6 32. h5 Kg7 33. h6+ Kh8 34. Rd3
Nd6 35. Qc3 Qh4 36. Bb3 Qxh6 37. a4 Qg7 38. Qd2 e4 39. Rh3 Qf6 40. Qf4 g5 41.
Qc1 h6 42. Bd1 Rg7 43. Bh5 Ree7 44. Be2 f4 45. Bg4 Rh7 46. Be6 Qd4 47. Rd1 Qe5
48. Re1 Ne8 49. Qb1 Nd6 50. Qc1 Kg7 51. Qb1 Rh8 52. Rh5 Qd4 53. Qa1 Qxa1 54.
Rxa1 Nxc4 55. Re1 e3 56. fxe3 Nxe3 57. Kf2 Nc4 58. Rc1 Nd6 59. Rhh1 Kf6 60.
Rhe1 Ne8 61. Rc2 Ng7 62. Rce2 Rhe8 63. Bh3 Rxe2+ 64. Rxe2 Rxe2+ 65. Kxe2 Ke5
66. g3 fxg3 67. Bg2 Nf5 0-1

[Event "VIII Festival B"]
[Site "Amantea ITA"]
[Date "2010.08.31"]
[Round "3"]
[White "De Rasis, Giovanni"]
[Black "Grudina, Marco"]
[Result "0-1"]
[WhiteElo "1866"]
[BlackElo "1866"]
[PlyCount "90"]
[EventDate "2010.08.29"]

1. d4 d5 2. c4 c6 3. Nc3 Nf6 4. Nf3 e6 5. a3 Nbd7 6. Bg5 Be7 7. e3 O-O 8. Bd3
dxc4 9. Bxc4 b5 10. Ba2 Bb7 11. b4 a5 12. Qb3 axb4 13. axb4 Ra6 14. O-O Qa8 15.
Ne5 Qd8 16. Nd3 Qc7 17. e4 Re8 18. e5 Nd5 19. Bxe7 Nxe7 20. Rfc1 Qb6 21. Nc5
Nxc5 22. bxc5 Qa7 23. Ne4 Ra8 24. Rc2 Nf5 25. Qb2 Ra4 26. Rd2 Bc8 27. g4 Nh4
28. Nc3 Nf3+ 29. Kg2 Nxd2 30. Nxa4 Qxa4 31. Qxd2 b4 32. Qd3 Qa3 33. Qe4 Bb7 34.
Bb1 Qxa1 35. Qxh7+ Kf8 36. Qh8+ Ke7 37. Qh4+ Kd7 38. Qh7 Kc7 39. d5 cxd5 40.
Qxg7 Qxb1 41. Qxf7+ Kc6 42. Qxe6+ Kxc5 43. Qd6+ Kd4 44. Qb6+ Kxe5 45. Qxb7 Qe4+
0-1

[Event "VIII Festival B"]
[Site "Amantea ITA"]
[Date "2010.08.31"]
[Round "3"]
[White "Denozza, Mauro"]
[Black "Carlomagno, Vincenzo"]
[Result "0-1"]
[WhiteElo "1666"]
[BlackElo "1851"]
[PlyCount "55"]
[EventDate "2010.08.29"]

1. d4 Nf6 2. Nf3 e6 3. e3 b6 4. Bd3 Bb7 5. Nbd2 c5 6. c3 Nc6 7. O-O Be7 8. a3
Qc7 9. e4 cxd4 10. cxd4 d6 11. b4 a6 12. Bb2 O-O 13. Rc1 Rac8 14. Re1 Qb8 15.
Qe2 b5 16. Nb3 Rfd8 17. Nfd2 Qa7 18. d5 Nb8 19. dxe6 fxe6 20. Nd4 e5 21. Ne6
Rxc1 22. Rxc1 Rc8 23. Qd1 Kh8 24. Rxc8+ Bxc8 25. Ng5 h6 26. Nf7+ Kh7 27. Qb3
Ng4 28. Qd1 0-1

[Event "VIII Festival B"]
[Site "Amantea ITA"]
[Date "2010.08.31"]
[Round "3"]
[White "Grasso, Francesco"]
[Black "Alagia, Pietro"]
[Result "1/2-1/2"]
[WhiteElo "1488"]
[BlackElo "1673"]
[PlyCount "77"]
[EventDate "2010.08.29"]

1. e4 d5 2. Nf3 g6 3. e5 c5 4. c3 Nc6 5. d4 e6 6. Be2 cxd4 7. Nxd4 Qb6 8. Nxc6
bxc6 9. O-O a5 10. Qc2 Bc5 11. Nd2 Qa7 12. b3 Ne7 13. Bf3 Nf5 14. Bb2 Ba6 15.
c4 O-O 16. Be2 Qe7 17. Nf3 Rfd8 18. Rad1 Rd7 19. Bc1 Kg7 20. Bg5 Qf8 21. Bf6+
Kg8 22. Bd3 Nd4 23. Nxd4 Bxd4 24. Qe2 c5 25. Qf3 Bb7 26. cxd5 exd5 27. Qg4 Bc8
28. Qg3 Ba6 29. h4 c4 30. bxc4 dxc4 31. Be2 c3 32. Bxa6 Rxa6 33. Rc1 Re6 34. h5
Rd5 35. hxg6 fxg6 36. Qg4 Re8 37. Qe4 Qc5 38. Qc2 Bxe5 39. Bxe5 1/2-1/2

[Event "VIII Festival B"]
[Site "Amantea ITA"]
[Date "2010.08.31"]
[Round "3"]
[White "Mazzuca, Aldo"]
[Black "Greco, Simone"]
[Result "0-1"]
[WhiteElo "1404"]
[BlackElo "1614"]
[PlyCount "69"]
[EventDate "2010.08.29"]

1. e4 c5 2. Nc3 d6 3. a3 Nc6 4. Bc4 e6 5. d3 Nf6 6. h3 a6 7. Nge2 b5 8. Ba2 Be7
9. Bg5 Qa5 10. Qd2 Rb8 11. O-O h6 12. Be3 O-O 13. Ng3 Rd8 14. f4 d5 15. exd5
exd5 16. Nce2 Qxd2 17. Bxd2 Rb7 18. d4 cxd4 19. b4 Ne4 20. Bc1 Bf6 21. Nh5 Bh4
22. Rf3 Re7 23. Nhg3 Nxg3 24. Nxg3 Bxg3 25. Rxg3 Bf5 26. Bb2 Bxc2 27. Rc1 Re2
28. Kf1 Bd3 29. Rxd3 Rxb2 30. Rxc6 Rxa2 31. Rxa6 Rc8 32. Kg1 Rcc2 33. Rg3 Rc3
34. Ra8+ Kh7 35. Ra7 0-1

[Event "VIII Festival B"]
[Site "Amantea ITA"]
[Date "2010.08.31"]
[Round "3"]
[White "Mercuri, Delia"]
[Black "Cicero, Angelo"]
[Result "1-0"]
[WhiteElo "1499"]
[BlackElo "1422"]
[PlyCount "173"]
[EventDate "2010.08.29"]

1. e4 e5 2. Nf3 Nc6 3. Bb5 a6 4. Ba4 Nf6 5. O-O d6 6. Re1 Bg4 7. d3 Be7 8. Be3
O-O 9. c3 d5 10. Qe2 dxe4 11. dxe4 Nxe4 12. Nbd2 Ng5 13. Bxg5 Bxg5 14. Rad1
Bxd2 15. Rxd2 Qf6 16. Rd3 h6 17. Re3 b5 18. Bc2 Rae8 19. Be4 Re7 20. Qc2 Rfe8
21. Bxc6 Qxc6 22. Nxe5 Rxe5 23. Rxe5 Rc8 24. h3 Be6 25. Qe2 a5 26. Qe3 Bxa2 27.
Re8+ Rxe8 28. Qxe8+ Qxe8 29. Rxe8+ Kh7 30. Rc8 Bc4 31. Rxc7 Kg6 32. Rd7 a4 33.
Rd4 Kf5 34. f3 f6 35. Kf2 g5 36. g4+ Kg6 37. Kg3 Be6 38. Re4 Bd5 39. Rd4 Be6
40. Rd6 Bc4 41. Rb6 Kf7 42. h4 Kg6 43. hxg5 hxg5 44. f4 Be2 45. Re6 Bc4 46. f5+
Kf7 47. Rd6 Ke7 48. Rd4 Ke8 49. Kf2 Ke7 50. Ke3 Kf7 51. Rxc4 bxc4 52. Kd4 Ke7
53. Kxc4 Kd6 54. Kd4 Kc6 55. c4 Kb6 56. Kd5 Kc7 57. c5 Kd7 58. c6+ Kc8 59. Kd6
Kd8 60. c7+ Kc8 61. Ke6 Kxc7 62. Kxf6 Kd7 63. Kxg5 Ke7 64. Kg6 Ke8 65. f6 Kf8
66. Kf5 Kf7 67. g5 Kf8 68. g6 Kg8 69. Ke6 Kf8 70. g7+ Kg8 71. Ke7 a3 72. bxa3
Kh7 73. f7 Kxg7 74. f8=Q+ Kg6 75. Ke6 Kg5 76. Qf6+ Kg4 77. Ke5 Kg3 78. Qf4+ Kg2
79. Ke4 Kg1 80. Ke3 Kg2 81. a4 Kg1 82. a5 Kg2 83. a6 Kg1 84. a7 Kg2 85. a8=Q+
Kh3 86. Qh8+ Kg2 87. Qhh2# 1-0

[Event "VIII Festival B"]
[Site "Amantea ITA"]
[Date "2010.08.31"]
[Round "3"]
[White "Mileo, Miguelito"]
[Black "Scerra, Ezio"]
[Result "1/2-1/2"]
[WhiteElo "1647"]
[BlackElo "1419"]
[PlyCount "67"]
[EventDate "2010.08.29"]

1. d4 d5 2. Bf4 Nf6 3. e3 g6 4. Nf3 Bg7 5. Be2 Nc6 6. h3 O-O 7. O-O Re8 8. c4
e6 9. Nc3 Ne4 10. Nxe4 dxe4 11. Nd2 e5 12. dxe5 Nxe5 13. Nxe4 Bf5 14. Nc3 c6
15. Qb3 Qc8 16. Rad1 Be6 17. Ne4 b5 18. Nd6 bxc4 19. Qa4 Qd7 20. Nxe8 Qxe8 21.
Bxe5 Bxe5 22. Bxc4 Bxb2 23. Bxe6 Qxe6 24. Rd2 Be5 25. Rfd1 Bc7 26. Qa6 Qe5 27.
Qxc6 Rc8 28. Qf3 Bb6 29. Rd7 Qe6 30. a4 Rc1 31. Rxf7 Rxd1+ 32. Qxd1 Kxf7 33.
Qf3+ Kg7 34. Qb7+ 1/2-1/2